Ciudades y gobiernos locales en América Latina de los noventa /
Guardado en:
| Hovedforfatter: | |
|---|---|
| Institution som forfatter: | |
| Andre forfattere: | |
| Format: | Texto |
| Udgivet: |
México, D.F.:
FLACSO
|
| Fag: | |
| Tags: |
Tilføj Tag
Ingen Tags, Vær først til at tagge denne postø!
|
MARC
| LEADER | 00000 a a2200000 04500 | ||
|---|---|---|---|
| 001 | 26854 | ||
| 003 | |||
| 040 | |||
| 020 | |a 968-842-305-X | ||
| 090 | |a 146600 | ||
| 100 | |a Ziccardi, Alicia | ||
| 110 | |a FLACSO | ||
| 245 | |a Ciudades y gobiernos locales en América Latina de los noventa / |c Alicia Ziccardi | ||
| 260 | |a México, D.F.: |b FLACSO | ||
| 300 | |a 126 p | ||
| 650 | |a CIUDADES | ||
| 650 | |a GOBIERNO LOCAL | ||
| 650 | |a DESCENTRALIZACION | ||
| 650 | |a PLANIFICACION URBANA | ||
| 650 | |a OBRAS PUBLICAS | ||
| 650 | |a INFRAESTRUCTURA URBANA | ||
| 650 | |a PROBLEMAS SOCIALES | ||
| 650 | |a SERVICIOS PUBLICOS | ||
| 650 | |a DESARROLLO URBANO | ||
| 650 | |a CONF | ||
| 700 | |a coord |a Carrion, Fernando |a Chirinos Segura, Luis A |a Garay, Alfredo |a Jacobi, Pedro |a Moreno Toscano, Alejandra |a Portillo, Alvaro |a Trivelli Q., Pablo | ||
| 999 | |c 2567 |d 2567 | ||



